Регионална библиотека "Любен Каравелов" - Русе

Моят малък Шопен (Запис номер 495374)

MARC детайли
000 -Лидер
Лидер 01175nam a2200289 a 4500
003 - Код на организацията, давaща контролен номер
Код на организацията, даваща контролен номер BLK
005 - Дата и час на последна редакция
Дата и час на последна редакция 20250710104929.0
008 - Елементи от данни с фиксирана дължина
Елементи с фиксирана дължина 200106b bu ||||| |||| 00| 0 bu d
020 ## - Международен стандартен номер на книга ISBN
ISBN 9789543575763
040 ## - Източник на каталожния запис
Код на библиотеката BLK
041 ## - Код за език
Език Български
Език за КДБФ Български
080 ## - УДК
УДК текст Музика
УДК код 78
УДК – определител (02.053.2)
УДК – код + определител 78(02.053.2)
9 (RLIN) 234805
084 ## - Класификационен индекс по друга класификация
Авторски знак Колев - К 78
100 ## - Редна дума - Автор
Автор Колет, Емили
R(LIN) 489099
245 ## - Сведения за заглавието
Заглавие Моят малък Шопен
Авторска отговорност Емили Колет; ил. Северин Кордие; прев. Валерия Стефанова
Подзаглавни данни Музикална книжка
257 ## - Страна на издаване
Страна на създаване/издаване България
260 ## - Област на издателските данни
9 (RLIN) 210050
Място на издаване София
Име на издателя ЕМАС
Година на издаване 2023
300 ## - Физическа характеристика
Брой страници 11 с.
Илюстрации с цв. ил.
Размер 17Х16 см.
380 ## - Жанр
Жанр Детска отраслова лит.
490 ## - СЕРИИ (Колекции)
9 (RLIN) 489100
Серия Моята малка музикална книжка
500 ## - Общи забележки
Обща забележка Ориг. загл. Mon petit Chopin / Emilie Collet. - Кн. отпеч. на ламиниран картон
700 1# - Други автори (авторска отговорност)
9 (RLIN) 82399
Друг автор Кордие, Северин
700 ## - Други автори (авторска отговорност)
9 (RLIN) 449448
Друг автор Стефанова, Валерия Валериева
942 ## - АРТИКУЛИ
Вид на библиотечния документ Книги
Скрит в OPAC Не
Периодичен библиозапис Да
Koha issues (borrowed), all copies 39
944 ## - СЪЗДАВАНЕ И РЕДАКЦИЯ на ЗАПИСА
Дата на регистрацията/редакция Теодора Пейчева-Дянкова
Служител, извършил регистрацията/редакцията 30551
Номер на служител Бояна Костадинова
999 ## - СИСТЕМНИ КОНТРОЛНИ НОМЕРА
Koha biblionumber 495374
Koha biblioitemnumber 495374
999 ## - СИСТЕМНИ КОНТРОЛНИ НОМЕРА
Koha biblioitemnumber 495374
Наличности
Код за отписване Код за изгубен артикул Източник на класификационната схема Код за повреда Код за отдаване Артикулен № Име на библиотеката - собственик Име на библиотеката, в която се намира в момента Статус (Текущо местоположение) Дата на вписване в системата Местоположение - отдел Цена в лева Инвентарен номер Систематично азбучна сигнатура Баркод Цена в евро Служебен тип на артикула
  Не е изгубен Universal Decimal Classification Не е повреден заемане за дома 933339 Регионална библиотека "Любен Каравелов" Русе Регионална библиотека "Любен Каравелов" Русе Детски отдел 2023-09-11 Детски отдел 12.95 120000892508 78/К 78 Е 120000892508 6.62 Книги
  Не е изгубен Universal Decimal Classification Не е повреден заемане за дома 933340 Регионална библиотека "Любен Каравелов" Русе Регионална библиотека "Любен Каравелов" Русе Детски отдел 2023-09-11 Детски отдел 12.95 120000892507 78/К 78 Е 120000892507 6.62 Книги
Vip Innovations Ltd, Rousse, Bulgaria 2025